|
|
|
|
| LEADER |
03523nam a2200493 i 4500 |
| 001 |
44618 |
| 003 |
BD-DhAAL |
| 005 |
20250817111533.0 |
| 008 |
250814t2021 nyua b 001 0 eng d |
| 010 |
|
|
|a 2020942138
|
| 020 |
|
|
|a 9781319381493
|q paperback
|
| 020 |
|
|
|a 1319381499
|q paperback
|
| 020 |
|
|
|a 9781319228002
|q (paperback)
|
| 020 |
|
|
|a 1319228003
|q (paperback)
|
| 020 |
|
|
|z 9781319322342
|q (epub)
|
| 020 |
|
|
|z 9781319322380
|q (mobi)
|
| 035 |
|
|
|a 21609164
|
| 040 |
|
|
|a DLC
|b eng
|e rda
|c DLC
|d BD-DhAAL
|
| 042 |
|
|
|a pcc
|
| 050 |
0 |
0 |
|a QD415
|b .L44 2021
|
| 082 |
0 |
0 |
|a 572
|2 23
|
| 245 |
1 |
0 |
|a Lehninger principles of biochemistry /
|c Albert L. Lehninger ... [et al.].
|
| 246 |
3 |
0 |
|a Principles of biochemistry
|
| 250 |
|
|
|a Eighth edition.
|
| 260 |
|
|
|a New York, NY :
|b Macmillan Learning,
|c c2021.
|
| 300 |
|
|
|a xxxiii, 1096 pages :
|b illustrations (chiefly color) ;
|c 28 cm
|
| 500 |
|
|
|a Revised edition of: Lehninger principles of biochemistry / David L. Nelson, Michael M. Cox. Seventh edition. [2017].
|
| 504 |
|
|
|a Includes bibliographical references and index.
|
| 520 |
|
|
|a "Lehninger Principles of Biochemistry earned acclaim for its presentation and organization of complex concepts and connections, anchored in the principles of biochemistry. This legacy continues in the eighth edition with a new framework that highlights the principles and supports student learning"--
|
| 526 |
|
|
|a PHR
|x Dr. Hasina Yasmin,
Assistant Dean and Program Director
School of Pharmacy
BRAC University
Course Name : Biochemistry and Molecular Biology (PHR 202)
|
| 541 |
|
|
|a Trim Education
|e 44618, 44619, 44623, 44624
|
| 650 |
|
0 |
|a Biochemistry.
|
| 650 |
|
0 |
|a Biochemistry
|v Problems, exercises, etc.
|9 59067
|
| 700 |
1 |
|
|a Lehninger, Albert L.,
|e author.
|9 29715
|
| 700 |
1 |
|
|a Nelson, David L.
|q (David Lee),
|d 1942-
|e author.
|9 59068
|
| 700 |
1 |
|
|a Cox, Michael M.,
|e author.
|9 59069
|
| 700 |
1 |
|
|a Hoskins, Aaron A.,
|e author.
|9 59070
|
| 852 |
|
|
|a Ayesha Abed Library
|c General Stacks
|
| 942 |
|
|
|2 ddc
|c BK
|
| 999 |
|
|
|c 46855
|d 46855
|
| 952 |
|
|
|0 0
|1 0
|2 ddc
|4 0
|6 572_000000000000000_LEH
|7 0
|9 77996
|a BRACUL
|b BRACUL
|c NEW
|d 2025-08-11
|e Trim Education
|g 6995.00
|l 1
|m 28
|o 572 LEH
|p 3010044623
|r 2026-05-15
|s 2025-09-16
|t 3
|v 13990.00
|w 2025-08-11
|y BK
|x Requisitioned by Dr. Hasina Yasmin (Assistant Dean and Program Director, School of Pharmacy, BRAC University) for the course named - "Biochemistry and Molecular Biology (PHR 202)"
|
| 952 |
|
|
|0 0
|1 0
|2 ddc
|4 0
|6 572_000000000000000_LEH
|7 0
|9 77997
|a BRACUL
|b BRACUL
|c GEN
|d 2025-08-11
|e Trim Education
|g 6995.00
|l 3
|m 24
|o 572 LEH
|p 3010044624
|q 2026-06-02
|r 2026-02-28
|s 2026-02-28
|t 4
|v 13990.00
|w 2025-08-11
|y BK
|x Requisitioned by Dr. Hasina Yasmin (Assistant Dean and Program Director, School of Pharmacy, BRAC University) for the course named - "Biochemistry and Molecular Biology (PHR 202)"
|
| 952 |
|
|
|0 0
|1 0
|2 ddc
|4 0
|6 572_000000000000000_LEH
|7 0
|9 78001
|a PHR
|b PHR
|d 2025-08-11
|e Trim Education
|g 7500.00
|l 0
|o 572 LEH
|p 3010044618
|r 2025-08-11
|t 1
|v 15000.00
|w 2025-08-11
|y BK
|x Requisitioned by Dr. Hasina Yasmin (Assistant Dean and Program Director, School of Pharmacy, BRAC University) for the course named - "Biochemistry and Molecular Biology (PHR 202)"
|
| 952 |
|
|
|0 0
|1 0
|2 ddc
|4 0
|6 572_000000000000000_LEH
|7 0
|9 78002
|a PHR
|b PHR
|d 2025-08-11
|e Trim Education
|g 7500.00
|l 0
|o 572 LEH
|p 3010044619
|r 2025-08-11
|t 2
|v 15000.00
|w 2025-08-11
|y BK
|x Requisitioned by Dr. Hasina Yasmin (Assistant Dean and Program Director, School of Pharmacy, BRAC University) for the course named - "Biochemistry and Molecular Biology (PHR 202)"
|